[Event "POL-chT2"]
[Site "Wisla"]
[Date "1998.??.??"]
[Round "?"]
[White "Latas, Boguslaw"]
[Black "Gawronski, Miroslaw"]
[Result "1/2-1/2"]
[WhiteElo "2275"]
[BlackElo "2155"]

1.Nf3 d5 2.c4 d4 3.e3 c5 4.b4 dxe3 5.fxe3 cxb4 6.d4 e6 7.Be2 Nf6 8.O-O Be7
9.Qd3 b6 10.e4 Bb7 11.Nbd2 Nfd7 12.e5 Nf8 13.Ne4 Ng6 14.h4 f5 15.exf6 gxf6
16.Bh6 Nd7 17.Bd1 Qc7 18.h5 Ngf8 19.a3 bxa3 20.c5 Qc6 21.Nc3 bxc5 22.d5 exd5
23.Ba4 Qd6 24.Rfe1 Rg8 25.Bxf8 Kxf8 26.Qxh7 Rg7 27.Qf5 Qg3 28.Re2 Nb6 29.h6 Rf7
30.h7 Kg7 31.Bc2 Rh8 32.Rxa3 Bc8 33.Qh5 c4 34.Ra5 Bb4 35.Rxd5 Nxd5 36.Nxd5 Bc5+
37.Kf1 Qg4 38.Nxf6 Rxf6 39.Qxc5 Rhf8 40.Re7+ Kh8 41.Qe5 Qf4 42.Qxf4 Rxf4
43.Rxa7 Bg4 44.Rc7 Rc8 45.Rxc8+ Bxc8 46.Ke2 Bf5 47.Bxf5 Rxf5 48.Kd2 Rf4 49.Kc3 Rg4
50.Ne5 Rxg2 51.Kxc4 Kxh7 52.Kd4 Kg7 53.Nc4 Kf6 54.Ke4 Ke6 55.Ne3 Ra2 56.Kd4 Rh2
57.Ke4 Rh4+ 58.Kd3 Ke5 59.Nc4+ Kd5 60.Ne3+ Kc5 61.Nf5 Rg4 62.Ne3 Rd4+ 63.Ke2 Rd8
64.Kf3 Kd4 65.Kf4 Rf8+ 66.Nf5+ Kd5 67.Kg5 Ke5 68.Nh6 Ke4 69.Kg6 Kf4 70.Nf7 Ra8
71.Kf6 Ra6+ 72.Ke7 Ke4 73.Nd6+ Kd5 74.Nf7 Re6+ 75.Kd7 Re1 76.Nd6 Ra1 77.Nc8 Ra6
78.Ne7+ Kc5 79.Nc8 Rg6 80.Ne7 Rf6 81.Ng8 Rd6+ 82.Ke7 Ra6 83.Nf6 Rc6 84.Nd7+ Kd4
85.Nf6 Ke5 86.Nd7+ Kf5 87.Nb8 Rb6 88.Nd7 Rh6 89.Nb8 Rg6 90.Kd7  1/2-1/2

[Event "POL-chT2"]
[Site "Wisla"]
[Date "1998.??.??"]
[Round "?"]
[White "Perdek, Miroslaw"]
[Black "Myc, Marcin"]
[Result "1-0"]
[WhiteElo "2315"]
[BlackElo "2350"]

1.Nf3 d5 2.c4 e6 3.d4 f5 4.Bf4 Nf6 5.e3 c6 6.Nc3 Be7 7.Bd3 O-O 8.Qc2 Ne4
9.g4 Qa5 10.gxf5 exf5 11.O-O Nxc3 12.bxc3 Be6 13.Ne5 dxc4 14.Nxc4 Qd5 15.Ne5 Qd8
16.Rab1 Qc8 17.f3 Nd7 18.Nc4 Nb6 19.Rxb6 axb6 20.Nxb6 Qe8 21.Nxa8 Qg6+ 22.Kh1 Rxa8
23.c4 b5 24.Be5 bxc4 25.Bxc4 Qf7 26.Bxe6 Qxe6 27.Qb3 Qxb3 28.axb3 Ra3 29.Rb1 g5
30.Kg1 Kf7 31.e4 Ke6 32.Bg3 Bf6 33.Bf2 fxe4 34.fxe4 h5 35.Rc1 Kd7 36.Rc3 g4
37.h3 Ra1+ 38.Kg2 Rd1 39.hxg4 hxg4 40.e5 Be7 41.Kg3 Bb4 42.Rc4 Rd3+ 43.Kxg4 Rxb3
44.Bh4 Ba3 45.Kf5 Rb5 46.Ra4 Bb2 47.Ra7+ Kc8 48.Bf2 Rd5 49.Ke4 Kd8 50.Be3 Bc3
51.Ra3 Ba5 52.Bg5+ Kd7 53.Rh3 Bb6 54.Be3 Ke6 55.Rh7 Bd8 56.Bf2 Bb6 57.Bg1 Bd8
58.Be3 Bb6 59.Bf2 Bd8 60.Rh6+ Kd7 61.e6+ Kc8 62.Rh8 Kc7 63.Bg3+ Kb6 64.Be5 Be7
65.Rh2  1-0

[Event "Ardid mem 10th op"]
[Site "Zaragoza"]
[Date "1998.??.??"]
[Round "3"]
[White "Strikovic, Aleksa"]
[Black "Rodriguez Herreros, Victor"]
[Result "1/2-1/2"]
[WhiteElo "2565"]
[BlackElo "2310"]

1.Nf3 d5 2.c4 e6 3.b3 f5 4.g3 Nf6 5.Bg2 c6 6.O-O Bd6 7.Ba3 Bxa3 8.Nxa3 Qd6
9.Qc1 O-O 10.d4 b6 11.Ne5 Bb7 12.Qb2 a5 13.Rac1 Na6 14.Nc2 c5 15.Rfd1 Qc7
16.Na3 Qe7 17.Nb5 Ne4 18.e3 Rac8 19.dxc5 Naxc5 20.cxd5 Bxd5 21.Nc4 Bxc4 22.Rxc4 Rfd8
23.Rcd4 e5 24.Rxd8+ Rxd8 25.Rxd8+ Qxd8 26.Qxe5 Qd1+ 27.Bf1 g6 28.Kg2 Nd2
29.Bc4+ Nxc4 30.bxc4 Nd3 31.Qd5+ Kg7 32.Qd4+ Kg8 33.Nd6 Ne1+ 34.Kh3 Qh5+
35.Qh4 Qxh4+ 36.gxh4 Nd3 37.Nc8 Nxf2+ 38.Kg3 Ne4+ 39.Kf4 Kf7 40.Ke5 Nc3 41.a3 Na4
42.Kd6 h6 43.Kc6 g5 44.hxg5 hxg5 45.Nxb6 Nxb6 46.Kxb6 f4 47.exf4 gxf4 48.c5 f3
49.c6 f2 50.c7 f1=Q 51.c8=Q Qf6+ 52.Kxa5 Qe5+ 53.Kb4 Qb2+ 54.Ka4 Qxh2 55.Qc4+ Ke7
56.Kb5 Qb8+  1/2-1/2

[Event "Trinec op"]
[Site "Trinec"]
[Date "1999.01.01"]
[Round "7"]
[White "Zabystrzan, Pavel"]
[Black "Buchnicek, Petr"]
[Result "1-0"]
[WhiteElo "2325"]
[BlackElo "2240"]

1.Nf3 d5 2.c4 c6 3.d4 e6 4.Nc3 f5 5.g3 Nf6 6.Bg2 Bd6 7.Bf4 Bxf4 8.gxf4 O-O
9.e3 Ne4 10.Nxe4 fxe4 11.Ne5 Nd7 12.O-O Nxe5 13.fxe5 Bd7 14.b3 Be8 15.f4 exf3
16.Rxf3 Bg6 17.Rxf8+ Qxf8 18.Qe2 Qe7 19.Rf1 Rf8 20.Rxf8+ Qxf8 21.cxd5 cxd5
22.Bf3 Qb4 23.Bg4 Kf7 24.Bh5 Bxh5 25.Qxh5+ Kf8 26.Qf3+ Ke7 27.Qg3 Kf7 28.Qf2+ Ke8
29.Qc2 Qe1+ 30.Kg2 Kd7 31.Kf3 Qf1+ 32.Kg3 Qg1+ 33.Kf3 Qh1+ 34.Kg3 Qg1+ 35.Kf3 Qf1+
36.Kg3 h5 37.Qc5 Qg1+ 38.Kf3 Qf1+ 39.Kg3 Qg1+ 40.Kf3 Qg4+ 41.Kf2 Qh3 42.Qf8 Qxh2+
43.Kf1 Qh3+ 44.Ke2 Qg4+ 45.Kd2 Qg6 46.Qb8 a5 47.Qxb7+ Ke8 48.Qb5+ Kf7 49.Qf1+ Kg8
50.Qh3 Qh6 51.a3 g5 52.b4 axb4 53.axb4 Qg6 54.b5 g4 55.Qh1 Qf7 56.Qh4 Qd7
57.b6 Qc6 58.Qd8+  1-0

[Event "Basel Hilton op"]
[Site "Basel"]
[Date "1999.01.03"]
[Round "4"]
[White "Costa, Jean Luc"]
[Black "Novikov, Igor A"]
[Result "0-1"]
[WhiteElo "2395"]
[BlackElo "2545"]

1.Nf3 d5 2.c4 e6 3.e3 Nf6 4.b3 c5 5.Bb2 Nc6 6.cxd5 exd5 7.Bb5 Bd6 8.O-O O-O
9.h3 Qe7 10.Re1 Rd8 11.Bf1 a6 12.d3 b5 13.Nbd2 Bb7 14.Rc1 Nd7 15.d4 cxd4
16.exd4 Qf6 17.Qe2 Bf4 18.Ne5 Ndxe5 19.dxe5 Qg6 20.Rcd1 Re8 21.Nf3 Rad8 22.Qd3 d4
23.Qxg6 hxg6 24.e6 Rxe6 25.Rxe6 fxe6 26.Bd3 Nb4 27.Bxg6 Bxf3 28.gxf3 e5 29.a3 Nd5
30.Re1 Rd6 31.Bd3 Nc3 32.Kf1 Kf7 33.Bxc3 dxc3 34.Be4 Kf6 35.Ra1 a5 36.Ke1 Rd2
37.Rd1 Rb2 38.Rd6+ Ke7 39.Rc6 Rxb3  0-1

[Event "Bad Zwesten op"]
[Site "Bad Zwesten"]
[Date "1999.01.06"]
[Round "8"]
[White "Schlichtmann, Gisbert"]
[Black "Kierzek, Mira"]
[Result "1-0"]
[WhiteElo "2217"]
[BlackElo "2040"]

1.Nf3 d5 2.c4 c6 3.e3 Nf6 4.Nc3 Bg4 5.cxd5 cxd5 6.Qb3 Bc8 7.d4 e6 8.Bb5+ Nbd7
9.O-O Be7 10.Ne5 O-O 11.f4 Nb6 12.Bd3 Bd7 13.g4 Bc6 14.g5 Nfd7 15.Qd1 Nxe5
16.dxe5 g6 17.Ne2 Bc5 18.Nd4 h5 19.Bxg6 fxg6 20.Qc2 Qe8 21.Qxc5 Rd8 22.b3 Qd7
23.a4 Nc8 24.Ba3 Rfe8 25.Rfc1 Ne7 26.Qxa7 Rc8 27.Bxe7 Rxe7 28.Rc2 Qe8 29.Rac1 Rec7
30.b4 b5 31.Qb6 Rb7 32.Rxc6 Rxc6 33.Qxc6 Qxc6 34.Rxc6 bxa4 35.b5 a3 36.Ra6  1-0

[Event "BL2-N9899"]
[Site "Germany"]
[Date "1999.01.10"]
[Round "4.5"]
[White "Hess, Christian"]
[Black "Ehrke, Anja"]
[Result "0-1"]
[WhiteElo "2300"]
[BlackElo "2255"]

1.Nf3 d5 2.c4 c6 3.e3 e6 4.d4 Nf6 5.Nbd2 Nbd7 6.Bd3 Bd6 7.e4 e5 8.cxd5 cxd5
9.dxe5 Nxe5 10.Nxe5 Bxe5 11.Nf3 dxe4 12.Bb5+ Bd7 13.Bxd7+ Nxd7 14.Nxe5 Qa5+
15.Bd2 Qxe5 16.Bc3 Qb5 17.Qd6 O-O-O 18.O-O-O Nc5 19.Qg3 Qa4 20.Qg4+ Kb8 21.Qxg7 Nd3+
22.Kb1 Nb4 23.Qg3+ Ka8 24.Rd6 Qxa2+ 25.Kc1 Nd3+ 26.Kd2 Nxb2 27.Bxh8 Nc4+
28.Kc3 Nxd6  0-1

[Event "Linares Anibal op"]
[Site "Linares"]
[Date "1999.01.11"]
[Round "4"]
[White "Narciso Dublan, Marc"]
[Black "Nogueiras, Jesus"]
[Result "1/2-1/2"]
[WhiteElo "2460"]
[BlackElo "2510"]

1.Nf3 d5 2.c4 c6 3.b3 Bg4 4.e3 e6 5.Be2 Nd7 6.Bb2 Ngf6 7.O-O Bd6 8.d4 Qb8
9.Nbd2 O-O 10.h3 Bh5 11.Qc2 Re8 12.Rfe1 Bg6 13.Bd3 Bxd3 14.Qxd3 e5 15.e4 exd4
16.cxd5 cxd5 17.exd5 Nxd5 18.Qxd4 N7f6 19.Ne4 Bf8 20.Nxf6+ Nxf6 21.Rxe8 Qxe8
22.Re1 Qc6 23.Ne5  1/2-1/2

[Event "Hamburg IM"]
[Site "Hamburg"]
[Date "1999.01.18"]
[Round "9"]
[White "Petrosian, Suren"]
[Black "Buhr, Carl Christian"]
[Result "1/2-1/2"]
[WhiteElo "2375"]
[BlackElo "2320"]

1.Nf3 d5 2.c4 c6 3.g3 Nf6 4.cxd5 cxd5 5.Bg2 Nc6 6.d3 g6 7.O-O Bg7 8.Nc3 O-O
9.e4 dxe4 10.dxe4 Qxd1 11.Rxd1 Be6 12.Bf4 Rfd8 13.Rac1 h6 14.h3 Rac8 15.Bf1 Kf8
16.Kg2  1/2-1/2

[Event "NRW-Liga II 9899"]
[Site "GER"]
[Date "1999.01.20"]
[Round "5"]
[White "Odendahl, Reiner"]
[Black "Hommeles, Theo"]
[Result "1/2-1/2"]
[WhiteElo "2320"]
[BlackElo "2335"]

1.Nf3 d5 2.c4 dxc4 3.e3 Nf6 4.Bxc4 c5 5.b3 Nc6 6.Bb2 Bg4 7.h3 Bh5 8.g4 Bg6
9.h4 h5 10.g5 Ng4 11.Nc3 a6 12.O-O e6 13.d4 cxd4 14.exd4 Qc7 15.Rc1 Rd8 16.Ne2 Be4
17.Ng3 Bd5 18.Re1 g6 19.Qe2 Be7 20.Ne5 Ngxe5 21.dxe5 Qb6 22.Bxd5 Rxd5 23.Ne4 O-O
24.Nf6+ Bxf6 25.gxf6 Qb4 26.Red1 Rfd8 27.Rxd5 Rxd5 28.Rd1 Qb5 29.Qc2 Kf8
30.Rxd5 Qxd5 31.Qc1 Ke8 32.Qh6 Qd1+ 33.Kg2 Qg4+ 34.Kf1 Qd1+ 35.Kg2 Qg4+ 36.Kf1 Qh3+
37.Kg1 Qxh4 38.Ba3 Qg4+ 39.Kh2 Qh4+ 40.Kg1 Qg4+ 41.Kh2 Kd7 42.Qf8 Qf4+ 43.Kg1 Qg4+
44.Kh2 Qh4+  1/2-1/2

[Event "Mermaid Beach Club"]
[Site "Bermuda"]
[Date "1999.01.22"]
[Round "2"]
[White "Teplitsky, Yan"]
[Black "Arizmendi Martinez, Julen Luis"]
[Result "1-0"]
[WhiteElo "2453"]
[BlackElo "2472"]

1.Nf3 d5 2.c4 e6 3.g3 Nf6 4.Bg2 c5 5.cxd5 exd5 6.d4 Be7 7.O-O O-O 8.Nc3 Nc6
9.b3 Ne4 10.Bb2 Bf6 11.Na4 b6 12.Rc1 Re8 13.Ba1 Ba6 14.Re1 c4 15.bxc4 Bxc4
16.Nb2 b5 17.Nxc4 bxc4 18.Nd2 Nxd2 19.Qxd2 Qd6 20.Bc3 Rab8 21.Rb1 a6 22.e3 Rb5
23.a4 Rbb8 24.Qc2 g6 25.Rxb8 Rxb8 26.Rb1 Nb4 27.Bxb4 Rxb4 28.Rxb4 Qxb4 29.Bxd5 c3
30.Bb3 Kg7 31.Kf1 Bd8 32.Ke2 Ba5 33.Kd3 Qa3 34.Ba2 Qb2 35.Qxb2 cxb2 36.e4 Kf8
37.e5 f6 38.f4 Bc7 39.Ke4 Ke7 40.d5 fxe5 41.fxe5  1-0

[Event "AUT-chT2M 9899"]
[Site "Austria"]
[Date "1999.01.23"]
[Round "6"]
[White "Juergens, Klaus"]
[Black "Neckar, Lubomir"]
[Result "0-1"]
[WhiteElo "2235"]
[BlackElo "2345"]

1.Nf3 d5 2.c4 e6 3.g3 Nf6 4.b3 Be7 5.Bg2 O-O 6.O-O c5 7.Bb2 Nc6 8.e3 Qa5
9.Qe2 Rd8 10.d3 Bd7 11.Nbd2 Be8 12.Rfd1 b5 13.cxb5 Qxb5 14.Bf1 Qb7 15.Rac1 Nb4
16.a3 Nc6 17.Rb1 a5 18.a4 Nd7 19.d4 Nb4 20.e4 Bf6 21.exd5 exd5 22.Bg2 Rac8
23.Nf1 c4 24.bxc4 dxc4 25.Bc3 Qc7 26.Ne3 Nb6 27.Ne5 Nxa4 28.Qe1 Nxc3 29.Qxc3 Bxe5
30.dxe5 Rd3 31.Rxd3 cxd3 32.Qd2 Bb5 33.Bh3 Rd8 34.Nf5 Qc2 35.Rd1 Qxd2 36.Rxd2 Kf8
37.f4 a4 38.Nd6 Ba6 39.Bf1 Rd7 40.Kf2 Rc7 41.Ke3 a3  0-1

[Event "Hoogovens-B"]
[Site "Wijk aan Zee"]
[Date "1999.01.26"]
[Round "7"]
[White "Janssen, Ruud"]
[Black "Van der Wiel, John TH"]
[Result "1/2-1/2"]
[WhiteElo "2445"]
[BlackElo "2529"]

1.Nf3 d5 2.c4 c6 3.e3 Nf6 4.Nc3 a6 5.b3 Bg4 6.Be2 Nbd7 7.h3 Bxf3 8.Bxf3 Ne5
9.Be2 d4 10.exd4 Qxd4 11.O-O Rd8 12.Qc2 Nd3 13.Bxd3 Qxd3 14.Qxd3 Rxd3 15.Rd1 e6
16.Kf1 Bb4 17.Bb2 Ke7 18.Ke2 Rhd8 19.Nd5+ Nxd5 20.Kxd3 Nc3+ 21.Kc2 Nxd1 22.Rxd1 f6
23.d4  1/2-1/2

[Event "Nova Gorica op"]
[Site "Nova Gorica"]
[Date "1999.01.28"]
[Round "1"]
[White "Ciglic, Boris"]
[Black "Shabalov, Alexander"]
[Result "1/2-1/2"]
[WhiteElo "2143"]
[BlackElo "2620"]

1.Nf3 d5 2.c4 e6 3.g3 Nf6 4.Bg2 c6 5.O-O Nbd7 6.Qc2 b6 7.d4 Bb7 8.cxd5 cxd5
9.Nc3 Rc8 10.Qb3 Bd6 11.Bg5 O-O 12.Rfc1 h6 13.Bf4 Bxf4 14.gxf4 Qe7 15.e3 Ne4
16.Nxe4 dxe4 17.Ne5 Nf6 18.a4 Nd5 19.a5 Nb4 20.axb6 axb6 21.Rc3 Bd5 22.Qd1 Na2
23.Ra3 Ra8 24.Rxa8 Rxa8 25.Qb1 Qb7 26.b3 Nb4 27.Ra4 Na6 28.Bf1 f6 29.Nc4 Nc7
30.Rxa8+ Nxa8 31.Qa1 Nc7 32.Qa3 Qc6 33.Qe7 Kh7 34.h4 b5 35.Nd6 Bxb3 36.Bg2 Bd5
37.f5 exf5 38.Bh3 Be6 39.Bxf5+ Bxf5 40.Nxf5 Ne6 41.Qf7 Qc1+ 42.Kg2 Qc8 43.Ne7 Nf4+
44.exf4 Qg4+ 45.Kh2  1/2-1/2

[Event "Ubeda op"]
[Site "Ubeda"]
[Date "1999.01.28"]
[Round "9"]
[White "Rashkovsky, Nukhim N"]
[Black "Giorgadze, Giorgi"]
[Result "0-1"]
[WhiteElo "2535"]
[BlackElo "2610"]

1.Nf3 d5 2.c4 d4 3.e3 Nc6 4.exd4 Nxd4 5.Nxd4 Qxd4 6.Nc3 c6 7.d3 Nh6 8.Be3 Qd8
9.Bxh6 gxh6 10.Be2 Bg7 11.O-O O-O 12.Bf3 Bf5 13.Be4 Bg6 14.Re1 e6 15.Qc2 Qc7
16.Rab1 Rad8 17.b4 b6 18.Ne2 c5 19.bxc5 Qxc5 20.Nf4 Qc7 21.g3 Be5 22.Nxg6 hxg6
23.a4 Bd4 24.a5 h5 25.a6 Kg7 26.Kg2 Qd6 27.Rb5 h4 28.Bf3 Rh8 29.Qe2 Rh6 30.g4 h3+
31.Kg1 Rhh8 32.Qe4 Rc8 33.Be2 f5 34.gxf5 gxf5 35.Qf3 Kf6 36.Kh1 Rcg8 37.Bf1 Rh4
38.Bxh3 Bc5 39.d4 Rxd4 40.Rb3 Rf4 41.Qh5 Rxf2 42.Qh4+ Kf7 43.Rg3 Rxg3 44.Qxg3 Qxg3
45.hxg3 Ra2 46.g4 Ra3 47.Bg2 fxg4 48.Bb7 Ra2  0-1

[Event "BL2-S9899"]
[Site "Germany"]
[Date "1999.01.31"]
[Round "5.5"]
[White "Mueller, Markus"]
[Black "Birk, Steffen"]
[Result "1-0"]
[WhiteElo "2110"]
[BlackElo "2310"]

1.Nf3 d5 2.c4 c6 3.cxd5 cxd5 4.d4 Nc6 5.Nc3 Nf6 6.Bf4 a6 7.Rc1 Bf5 8.e3 Rc8
9.Be2 e6 10.O-O Nd7 11.a3 Be7 12.Na4 g5 13.Bg3 h5 14.h3 h4 15.Bh2 g4 16.hxg4 Bxg4
17.Nd2 Bxe2 18.Qxe2 f6 19.Nc5 Nxc5 20.dxc5 Qd7 21.Rfd1 Kf7 22.Nf3 e5 23.Qc4 Rcd8
24.Qb3 Na5 25.Qb4 Qb5 26.Qxb5 axb5 27.b4 Nc4 28.Rc3 Ke6 29.Rdd3 Ra8 30.Ne1 Rhg8
31.Kf1 e4 32.Rd1 Rxa3 33.Rxa3 Nxa3 34.Ra1 Nc4 35.Ra7 Rb8 36.Bxb8 Nd2+ 37.Ke2 Nb1
38.Rxb7 Nc3+ 39.Kd2 Nb1+ 40.Kc1 Nc3 41.Rb6+ Kd7 42.Kc2 Na4 43.Rxb5  1-0

[Event "Koltanowski Team Match"]
[Site "San Francisco"]
[Date "1999.02.02"]
[Round "1"]
[White "Cusi, Ronald"]
[Black "Krush, Irina"]
[Result "1/2-1/2"]
[WhiteElo "2375"]
[BlackElo "2375"]

1.Nf3 d5 2.c4 dxc4 3.Qa4+ Nd7 4.Qxc4 c5 5.g3 e6 6.Bg2 Ngf6 7.O-O a6 8.Qc2 Be7
9.d4 O-O 10.Rd1 Ra7 11.Nc3 b6 12.Bf4 Bb7 13.dxc5 Bxc5 14.Na4 Be4 15.Qd2 Be7
16.Nc3 Bc6 17.Bd6 Bxd6 18.Qxd6 Qa8 19.Ne1 Rc8 20.Bxc6 Rxc6 21.Qf4 b5 22.Nf3 Rc4
23.Rd4 Rac7 24.Rad1 h6 25.Ne5 Rxd4 26.Rxd4 Nxe5 27.Qxe5 Qc8 28.a4 bxa4 29.Rxa4 Rc6
30.Rb4 Qd7 31.Rd4 Qc8 32.Rb4 Qd7 33.Rd4 Qc8 34.Rb4 Qd7  1/2-1/2

[Event "Goodricke 10th op"]
[Site "Calcutta"]
[Date "1999.02.08"]
[Round "3"]
[White "Shankar, Roy"]
[Black "Suvrajit, Saha"]
[Result "1-0"]
[WhiteElo "2390"]
[BlackElo "2335"]

1.Nf3 d5 2.c4 c6 3.d4 e6 4.e3 Bd6 5.Nc3 f5 6.Ne5 Nf6 7.Be2 Nbd7 8.f4 O-O
9.O-O Ne4 10.Nxe4 fxe4 11.Bd2 Nxe5 12.fxe5 Rxf1+ 13.Qxf1 Be7 14.Qf4 Bd7 15.Rf1 Qf8
16.Qg4 Qd8 17.Qh3 Kh8 18.Bh5 dxc4 19.Bg6 Qg8 20.Bxe4 Rf8 21.Rc1 b5 22.b3 Ba3
23.Rc2 cxb3 24.axb3 g5 25.Ra2 b4 26.Be1 Be8 27.Qh6 Qg7 28.Qxe6 Bf7 29.Qxc6 Bxb3
30.Rf2 Rxf2 31.Bxf2 Qe7 32.Bg3 Bf7 33.d5 b3 34.e6 Be8 35.Qc3+ Kg8 36.Qxb3 Bd6
37.Bxd6 Qxd6 38.Qb7 Qe5 39.Qxh7+ Kf8 40.Kf2 a5 41.Bf5 a4 42.d6 Qxd6 43.Qh6+ Ke7
44.Qxg5+ Kf8 45.Qh6+ Ke7 46.Qg7+ Kd8 47.Qf6+ Kc7 48.Qc3+ Bc6 49.Bg4 Qd5 50.Bf3 Qxe6
51.Ke1 a3 52.Qxa3 Bxf3 53.gxf3 Qc4 54.Qb2 Qh4+ 55.Qf2 Qb4+ 56.Kf1 Qb1+ 57.Kg2 Kd7
58.e4 Qa1 59.h4 Ke8 60.Qg3 Qa2+ 61.Kh3 Qe6+ 62.Qg4 Qc4 63.h5 Qf1+ 64.Kh4 Qe1+
65.Kg5 Qe3+ 66.Qf4 Qc5+ 67.e5 Qg1+ 68.Kh6 Qb6+ 69.Qf6 Qe3+ 70.f4 Qf3 71.Qf5 Qc3
72.e6 Qh8+ 73.Kg5 Ke7 74.Qf7+ Kd6 75.e7  1-0

[Event "Goodricke 10th op"]
[Site "Calcutta"]
[Date "1999.02.09"]
[Round "4"]
[White "Ehlvest, Jaan"]
[Black "Gokhale, CS."]
[Result "1/2-1/2"]
[WhiteElo "2590"]
[BlackElo "2360"]

1.Nf3 d5 2.c4 d4 3.a3 a5 4.e3 Nc6 5.Nxd4 Nxd4 6.exd4 Qxd4 7.Nc3 Nf6 8.d3 Ng4
9.Qe2 Bf5 10.h3 Nf6 11.Nb5 Qd7 12.Bf4 Rc8 13.g4 Bg6 14.h4 h6 15.d4 e6 16.d5 Bc5
17.O-O-O O-O 18.g5 Nh5 19.Be5 c6 20.dxe6 Qxe6 21.Nd4 Qe7 22.gxh6 Rfe8 23.f4 f6
24.Rg1 fxe5 25.Rxg6 Nxf4 26.Qg4 Nxg6 27.Nf5 Qe6 28.Bh3 Rcd8 29.Rf1 Rd4 30.Qg5 Qxc4+
31.Kb1 Qd3+ 32.Ka2 Qc4+ 33.Kb1 Qd3+ 34.Ka2 Qc4+ 35.Kb1 Qd3+  1/2-1/2

[Event "Koltanowski Team Match"]
[Site "San Francisco"]
[Date "1999.02.09"]
[Round "8"]
[White "Young, Angelo"]
[Black "O'Donnell, Tom"]
[Result "1-0"]
[WhiteElo "2398"]
[BlackElo "2357"]

1.Nf3 d5 2.c4 c6 3.e3 Nf6 4.b3 Bg4 5.Bb2 e6 6.Be2 Nbd7 7.d3 Bd6 8.Nbd2 O-O
9.h3 Bxf3 10.Nxf3 Qa5+ 11.Nd2 b5 12.a3 bxc4 13.dxc4 Be5 14.Qc2 Bxb2 15.Qxb2 dxc4
16.Bxc4 Nb6 17.O-O Nxc4 18.Nxc4 Qb5 19.Rfc1 Rab8 20.Rab1 Rfd8 21.b4 c5 22.bxc5 Qxb2
23.Rxb2 Rbc8 24.Na5 g5 25.c6 Kg7 26.a4 Rd5 27.Rb5 Rc7 28.Kf1 Kf8 29.Ke2 Ke7
30.Rc4 a6 31.Rxd5 Nxd5 32.e4 Nf4+ 33.Kf3 Nd3 34.Ke3 Ne5 35.Rc2 f6 36.f4 gxf4+
37.Kxf4 Kd6 38.Nb7+ Ke7 39.Na5 Kd6 40.g4 Nd3+ 41.Ke3 Ne5 42.Rb2 Nxc6 43.Rd2+ Ke7
44.Rc2 Kd7 45.Nxc6 Rxc6 46.Rxc6 Kxc6 47.e5 fxe5 48.Ke4 h6 49.Kxe5 Kd7 50.Kf6 Kd6
51.h4 e5 52.Kf5 a5 53.g5 hxg5 54.hxg5 e4 55.Kxe4 Ke6 56.Kd4  1-0

[Event "Goodricke 10th op"]
[Site "Calcutta"]
[Date "1999.02.14"]
[Round "9"]
[White "Ehlvest, Jaan"]
[Black "Shankar, Roy"]
[Result "1-0"]
[WhiteElo "2590"]
[BlackElo "2390"]

1.Nf3 d5 2.c4 c6 3.e3 Nf6 4.Nc3 Nbd7 5.Qc2 e6 6.b3 Bd6 7.Bb2 Qe7 8.d4 dxc4
9.bxc4 e5 10.Be2 O-O 11.O-O Re8 12.a4 e4 13.Nd2 Nf8 14.c5 Bc7 15.Ba3 Ng6
16.Nc4 Bg4 17.Nd6 Bxd6 18.cxd6 Qd7 19.Bxg4 Qxg4 20.f3 exf3 21.Rxf3 Re6 22.Raf1 Rae8
23.Qf2 Qh4 24.Rg3 Kh8 25.Qf5 Qh6 26.Rh3 Nh4 27.Qf2 g5 28.e4 Nxe4 29.Nxe4 Rxe4
30.Qxf7 Qg7 31.Rb3 Re2 32.Qxg7+ Kxg7 33.d7 Rd8 34.Rxb7 Rxg2+ 35.Kh1 Re2 36.h3 h5
37.Rf8 g4 38.hxg4 hxg4 39.Rxd8 Nf3 40.Bd6  1-0

[Event "Cappelle op"]
[Site "Cappelle la Grande"]
[Date "1999.02.14"]
[Round "2"]
[White "Olafsson, Helgi"]
[Black "Skripchenko, Almira"]
[Result "0-1"]
[WhiteElo "2503"]
[BlackElo "2414"]

1.Nf3 d5 2.c4 dxc4 3.Na3 a6 4.Nxc4 b5 5.Na3 Bb7 6.d4 e6 7.Nc2 c5 8.e3 Nf6
9.Be2 Be7 10.dxc5 Qxd1+ 11.Bxd1 Bxc5 12.O-O Nc6 13.Be2 Ke7 14.Bd2 Ne4 15.Rfc1 Rhd8
16.Be1 Rac8 17.a4 b4 18.a5 e5 19.Ra4 Bd6 20.Nxb4 Nxb4 21.Rxc8 Rxc8 22.Bxb4 Bxb4
23.Rxb4 Rc1+ 24.Bf1 Bd5 25.h3 f6 26.Ra4 g5 27.Rb4 h5 28.Ra4 g4 29.hxg4 hxg4
30.Nh2 Nd2 31.Rxg4 Bc4 32.Rg7+ Ke6 33.Rb7 Nxf1 34.Rb6+ Ke7 35.Rb7+ Ke6 36.Rb6+ Kf7
37.Nxf1 Bxf1  0-1

[Event "RUS-Cup03 (Geller mem)"]
[Site "Moscow"]
[Date "1999.02.14"]
[Round "5"]
[White "Nalbandian, Tigran"]
[Black "Nedochetov, M."]
[Result "1-0"]
[WhiteElo "2439"]
[BlackElo "2251"]

1.Nf3 d5 2.c4 c6 3.g3 Bg4 4.Bg2 e6 5.cxd5 Bxf3 6.Bxf3 cxd5 7.O-O Nc6 8.d3 Nf6
9.Nc3 Be7 10.a3 Rc8 11.Bd2 O-O 12.Bg2 Re8 13.b4 a6 14.b5 Nd4 15.bxa6 bxa6
16.e3 Nc6 17.Na4 h6 18.Qe2 Bd6 19.Rfc1 Re7 20.d4 Ra7 21.Qd3 Rcc7 22.Rc2 Qe7
23.Nc5 Bxc5 24.Rxc5 Nd7 25.Rc2 Nb6 26.Rac1 Nc4 27.e4 Nxd2 28.Qxd2 Nd8 29.Rxc7 Rxc7
30.exd5 exd5 31.Rxc7 Qxc7 32.Bxd5 Qd6 33.Qa5 Ne6 34.Bb7 Qxd4 35.Qxa6 Ng5
36.Kg2 Ne6 37.Qa8+ Kh7 38.Be4+ g6 39.Qd5 Qa4 40.Qb7 Kg7 41.Bd5 Qe8 42.a4 Nc5
43.Qc6 Qe7 44.a5 Qa7 45.Qb6  1-0

[Event "Copenhagen-ch"]
[Site "Copehagen"]
[Date "1999.02.16"]
[Round "9"]
[White "Jakobsen, Ole"]
[Black "Hoi, Carsten"]
[Result "1/2-1/2"]
[WhiteElo "2373"]
[BlackElo "2378"]

1.Nf3 d5 2.c4 d4 3.e3 c5 4.b4 dxe3 5.fxe3 cxb4 6.d4 Nf6 7.Bd3 Bg4 8.O-O Nc6
9.Nbd2 e6 10.Bb2 Be7 11.Qc2 Bxf3 12.Nxf3 O-O 13.Kh1 Qc7 14.d5 b3 15.Qxb3 Na5
16.Qa4 b6 17.e4 Nd7 18.Qc2 e5 19.Rac1 Rac8 20.Qf2 Nb7 21.Qg3 Bf6 22.Nd2 Qd8
23.Nf3 Qe7 24.Qe1 Ndc5 25.Bc2 Nd6 26.Qe2 Rc7 27.Ba3 Rfc8 28.g3 g6 29.Rf2 Bg7
30.Rcf1 Rf8 31.Nh4 Qd7 32.Ng2 h5 33.Bxc5 Rxc5 34.Ne3 Qe7 35.Bd3 Bh6 36.Ng2 Bg5
37.h4 Bh6 38.Kh2 Bg7 39.Ne3 Bh6 40.Ng2 Bg7 41.Ne3 Rfc8 42.Kg2 R5c7 43.Kh2 Qd8
44.Kg2 Bh6 45.Rf6 Bg7 46.R6f2 Rc5 47.Kh2 R8c7 48.Kg2 Ra5 49.Kh2 Bh6 50.Nd1 Ra3
51.Rf3 Qe7 52.R3f2 Rc5 53.Kg2 Qd7 54.Nb2 Rxa2 55.Bb1 Rxb2 56.Qxb2 Nxc4 57.Qe2 Ne3+
58.Kh2 Nxf1+ 59.Rxf1 Bf8 60.Bd3 Qc7 61.Rf2 Qd7 62.Qb2 Bd6 63.Rf1 Kg7 64.Qf2 Qe7
65.Ba6 Ra5 66.Qe2 Qd7 67.Bd3 b5 68.Qf2 b4 69.Qf6+ Kg8 70.Rf2 Rc5 71.Bc2 Qe7
72.Qf3 Rc3 73.Qd1 Bc5 74.Rf3 Rxf3 75.Qxf3 Qd7 76.Bb3 Kg7 77.Qd3 Qd6 78.Qb5 Bb6
79.Kg2 a5 80.Qc4 Qc5 81.Qxc5 Bxc5 82.Kf3 Kf6 83.g4 hxg4+ 84.Kxg4 Ke7 85.h5 gxh5+
86.Kxh5 Kd6 87.Kg5 Bb6 88.Kf6 Kc5 89.Kxe5 Kb5 90.d6 a4 91.Bxf7 b3 92.Kf4 Kb4
93.e5 a3 94.e6 Bc5 95.Ke5 a2 96.e7 a1=Q+ 97.Ke6 Qe1+ 98.Kd7 b2 99.Bg6 Qg3
100.e8=Q Qxd6+ 101.Kc8 Qa6+ 102.Kd7 Qb5+ 103.Kd8 Bb6+ 104.Ke7 Qe5+ 105.Kf7 Qd5+
106.Qe6  1/2-1/2

[Event "Bunratty Masters"]
[Site "Bunratty"]
[Date "1999.02.20"]
[Round "5"]
[White "Quinn, Mark"]
[Black "Baburin, Alexander"]
[Result "1/2-1/2"]
[WhiteElo "2346"]
[BlackElo "2586"]

1.Nf3 d5 2.c4 dxc4 3.g3 c6 4.Bg2 Nf6 5.O-O e6 6.a4 a5 7.b3 cxb3 8.Qxb3 Na6
9.d4 Nb4 10.Rd1 Be7 11.Nc3 O-O 12.e4 b6 13.Ne5 Bb7 14.Be3 Rc8 15.f4 Nd7 16.Nc4 Ba6
17.Rd2 Bxc4 18.Qxc4 Nf6 19.Qe2 Qd7 20.Bf3 Qb7 21.g4 Rfd8 22.g5 Ne8 23.h4 Nd6
24.Rc1 Qa6 25.Qxa6 Nxa6 26.Be2 Nb4 27.Kf2 b5 28.Kf3 Rb8 29.h5 bxa4 30.Nxa4 Nb5
31.Bc4 Na3 32.Bf1  1/2-1/2

[Event "United Insurance 4th"]
[Site "Dhaka"]
[Date "1999.02.20"]
[Round "2"]
[White "Szekely, Peter"]
[Black "Rahman, Ziaur"]
[Result "0-1"]
[WhiteElo "2444"]
[BlackElo "2498"]

1.Nf3 d5 2.c4 e6 3.g3 dxc4 4.Qa4+ c6 5.Qxc4 b5 6.Qc2 Bb7 7.Bg2 Nd7 8.O-O Rc8
9.d3 Ngf6 10.b3 Bd6 11.Bb2 O-O 12.Nbd2 Re8 13.Rac1 c5 14.Qb1 e5 15.Qa1 Qb6
16.a3 Ng4 17.h3 Nh6 18.e4 f6 19.Bc3 Nf7 20.Qa2 Bf8 21.Rfd1 Qe6 22.Qb1 Nb6
23.Bb2 Nd8 24.Kh2 Nc6 25.h4 Rcd8 26.Ba1 Qf7 27.Bh3 Bc8 28.Bg2 Be6 29.b4 Na4
30.bxc5 a6 31.d4 exd4 32.e5 Ba2 33.Qf5 Nxe5 34.Bxd4 g6 35.Qc2 Nxf3+ 36.Nxf3 Bb3
37.Qb1 Bxd1 38.Rxd1 Nxc5 39.Re1 Ne6 40.Bb2 Bc5 41.Qa1 Ng7 42.Rc1 Bxf2 43.Bxf6 Bxg3+
44.Kh1 Bf4 45.Rc6 Qb3 46.Nd4 Qg3 47.Qa2+ Kh8 48.Bf1 Re1  0-1

[Event "BL2-S9899"]
[Site "Germany"]
[Date "1999.02.21"]
[Round "6.2"]
[White "Darga, Klaus"]
[Black "Velicka, Petr"]
[Result "1/2-1/2"]
[WhiteElo "2454"]
[BlackElo "2449"]

1.Nf3 d5 2.c4 c6 3.d4 Nf6 4.Nc3 a6 5.cxd5 cxd5 6.Bf4 Nc6 7.e3 Bg4 8.Be2 e6
9.O-O Be7 10.h3 Bh5 11.Ne5 Bxe2 12.Qxe2 Rc8 13.Rfc1 O-O 14.Qd1 Nxe5 15.Bxe5 Nd7
16.Bg3 Rc4 17.Ne2 Nb6 18.b3 Rxc1 19.Rxc1 Bd6 20.Qd2 Bxg3 21.Nxg3 Qd7 22.Ne2 Rc8
23.Nf4 Rxc1+ 24.Qxc1 Qc8 25.Qxc8+ Nxc8 26.Nd3  1/2-1/2

[Event "BL2-S9899"]
[Site "Germany"]
[Date "1999.02.21"]
[Round "6.5"]
[White "Schueller, Ernst"]
[Black "Dittmar, Peter"]
[Result "1-0"]
[WhiteElo "2255"]
[BlackElo "2352"]

1.Nf3 d5 2.c4 e6 3.e3 Nf6 4.b3 c5 5.Bb2 Nc6 6.Ne5 Nxe5 7.Bxe5 Be7 8.Be2 O-O
9.O-O Bd7 10.d4 Rc8 11.Nd2 Bc6 12.dxc5 Bxc5 13.Bf3 Qe7 14.a3 Bxa3 15.Bxf6 gxf6
16.cxd5 exd5 17.Nb1 Bc5 18.Nc3 Qe5 19.Ne2 Bb5 20.Ra2 Rfd8 21.Rc2 Bb4 22.Qc1 Bd6
23.g3 Qf5 24.Nd4 Rxc2 25.Nxf5 Rxc1 26.Rxc1 Bf8 27.Nd4 Bd3 28.Rc7 Bd6 29.Rxb7 Bc5
30.Nc6 Rd6 31.Ne7+ Kg7 32.Nxd5 Ra6 33.g4 Ra1+ 34.Kg2 Bf1+ 35.Kg3 Bd6+ 36.Nf4 Ba6
37.Rxa7 Rg1+ 38.Kh4 Bc8 39.Nh5+ Kg6 40.Be4+ f5 41.Bxf5+ Bxf5 42.gxf5+ Kxf5
43.Rxf7+ Ke6 44.Rxh7 Rg2 45.f4 Rxh2+ 46.Kg4 Rg2+ 47.Kf3 Rb2 48.Rh6+ Ke7 49.Ng3 Bc5
50.Rh5 Bb4 51.Nf5+ Kf6 52.Rh6+ Kf7 53.Rb6 Rxb3 54.Nd6+ Ke7 55.Nc4 Kd7 56.Ke4 Kc7
57.Kf5  1-0